Diary Of a Botanist (Record no. 522493)

000 -LEADER
fixed length control field 00211nam a22000977a 4500
082 ## - DEWEY DECIMAL CLASSIFICATION NUMBER
Classification number TNC
100 ## - MAIN ENTRY--PERSONAL NAME
Personal name Swamy, B.G.L.
9 (RLIN) 37679
245 ## - TITLE STATEMENT
Title Diary Of a Botanist
260 ## - PUBLICATION, DISTRIBUTION, ETC. (IMPRINT)
Place of publication, distribution, etc Mysore
Name of publisher, distributor, etc Kavyalaya
Date of publication, distribution, etc 2001
300 ## - PHYSICAL DESCRIPTION
Extent 68p.
Holdings
Withdrawn status Lost status Source of classification or shelving scheme Damaged status Koha normalized classification for sorting Not for loan Permanent location Current location Date acquired Full call number Barcode Date last seen Price effective from Koha item type
        TNC   Indian Institute of Public Administration Indian Institute of Public Administration 2023-04-13 TNC GR24250 2023-04-13 2023-04-13 GR

Powered by Koha